| 000 | 00819 a2200217 4500 | ||
|---|---|---|---|
| 020 | _a0387229701 | ||
| 040 |
_aDLC _bDLC |
||
| 082 | 0 | 0 | _a005.8 |
| 100 | 1 | _aZou, Xukai, | |
| 245 | 1 | 0 |
_aSecure group communications over data networks _cXukai Zou, Byrav Ramamurthy, Spyros S. Magliveras. |
| 260 |
_aNew York : _bSpringer _cc2005. |
||
| 300 |
_axviii, 172 p. : _bill. ; _c25 cm. |
||
| 650 | 0 |
_aComputer networks _xSecurity measures. |
|
| 650 | 0 | _aComputer security. | |
| 650 | 0 | _aComputer network protocols. | |
| 700 | 1 | _aRamamurthy, Byrav. | |
| 700 | 1 |
_aMagliveras, Spyros S. _d1938- |
|
| 856 | 4 | 2 |
_3Publisher description _uhttp://www.loc.gov/catdir/enhancements/fy0819/2004051228-d.html |
| 856 | 4 | 2 |
_3Table of contents only _uhttp://www.loc.gov/catdir/enhancements/fy0819/2004051228-t.html |
| 942 |
_cBK _k005.8 ZOU _2ddc |
||
| 999 |
_c6721 _d6721 |
||